La primera pijamada de Uni (Record no. 393363)
[ view plain ]
| 000 -LEADER | |
|---|---|
| fixed length control field | 02308cam a2200541 i 4500 |
| 001 - CONTROL NUMBER | |
| control field | 1313996454 |
| 003 - CONTROL NUMBER IDENTIFIER | |
| control field | OCoLC |
| 005 - DATE AND TIME OF LATEST TRANSACTION | |
| control field | 20240530120810.0 |
| 008 - FIXED-LENGTH DATA ELEMENTS--GENERAL INFORMATION | |
| fixed length control field | 220420t20222022nyua c 000 f spa d |
| 020 ## - INTERNATIONAL STANDARD BOOK NUMBER | |
| International Standard Book Number | 9780593484098 |
| Qualifying information | library binding |
| 020 ## - INTERNATIONAL STANDARD BOOK NUMBER | |
| International Standard Book Number | 0593484096 |
| Qualifying information | library binding |
| 020 ## - INTERNATIONAL STANDARD BOOK NUMBER | |
| International Standard Book Number | 9780593484081 |
| Qualifying information | paperback |
| 020 ## - INTERNATIONAL STANDARD BOOK NUMBER | |
| International Standard Book Number | 0593484088 |
| Qualifying information | paperback |
| 035 ## - SYSTEM CONTROL NUMBER | |
| System control number | (OCoLC)1313996454 |
| 037 ## - SOURCE OF ACQUISITION | |
| Source of stock number/acquisition | Random House Childrens Books, Attn Order Entry 400 Hahn rd, Westminister, MD, USA, 21157 |
| Note | SAN 201-3975 |
| 040 ## - CATALOGING SOURCE | |
| Original cataloging agency | AXH |
| Language of cataloging | eng |
| Description conventions | rda |
| Transcribing agency | AXH |
| Modifying agency | S#L |
| -- | OCLCQ |
| -- | ORX |
| -- | YEP |
| -- | JQW |
| -- | SO$ |
| 041 1# - LANGUAGE CODE | |
| Language code of text/sound track or separate title | spa |
| Language code of original and/or intermediate translations of text | eng |
| 050 #4 - LIBRARY OF CONGRESS CALL NUMBER | |
| Classification number | PZ |
| 082 04 - DEWEY DECIMAL CLASSIFICATION NUMBER | |
| Classification number | [E] |
| 092 ## - LOCALLY ASSIGNED DEWEY CALL NUMBER (OCLC) | |
| Classification number | children leveled - Spanish |
| Item number | Rosenthal |
| 100 1# - MAIN ENTRY--PERSONAL NAME | |
| Personal name | Rosenthal, Amy Krouse |
| Relator term | author. |
| 9 (RLIN) | 5699855 |
| 240 10 - UNIFORM TITLE | |
| Uniform title | <a href="Uni's first sleepover.">Uni's first sleepover.</a> |
| Language of a work | Spanish. |
| 245 13 - TITLE STATEMENT | |
| Title | La primera pijamada de Uni |
| 250 ## - EDITION STATEMENT | |
| Edition statement | First Spanish edition. |
| 264 #1 - Production, Publication, Distribution, Manufacture, and Copyright Notice. | |
| Place of production, publication, distribution, manufacture | New York : |
| Name of producer, publisher, distributor, manufacturer | Random House Childrens Books, |
| Date of production, publication, distribution, manufacture, or copyr | [2022] |
| 300 ## - PHYSICAL DESCRIPTION | |
| Extent | 32 pages : |
| Other physical details | color illustrations ; |
| Dimensions | 24 cm. |
| 336 ## - Content Type | |
| Content type term | text |
| 337 ## - Media type | |
| Media type term | unmediated |
| 338 ## - Carrier type | |
| Carrier type term | volume |
| 490 1# - SERIES STATEMENT | |
| Series statement | Unicornio Uni. |
| 490 1# - SERIES STATEMENT | |
| Series statement | Leyendo a pasos. Paso 2, Leyendo con ayuda. |
| 500 ## - GENERAL NOTE | |
| General note | "Un libro de Amy Krouse Rosenthal ; ilustraciones basadas en el arte de Brigette Barrager." |
| 520 ## - SUMMARY, ETC. | |
| Summary, etc | Los otros unicornios ya han ido a otras pijamadas y se saben MUCHOS juegos ̀mgicos. Los juegos son di̕fciles para Uni y, al llegar la hora de irse a dormir, Uni no se es̀t divirtiendo. ¿Pod̀r Uni encontrar la manera de aportar a la divers̤in? |
| 546 ## - LANGUAGE NOTE | |
| Language note | Text in Spanish. |
| 650 #0 - SUBJECT ADDED ENTRY--TOPICAL TERM | |
| Topical term or geographic name as entry element | Sleepovers |
| Form subdivision | Juvenile fiction. |
| 9 (RLIN) | 5689331 |
| 650 #0 - SUBJECT ADDED ENTRY--TOPICAL TERM | |
| Topical term or geographic name as entry element | Unicorns |
| Form subdivision | Juvenile fiction. |
| 9 (RLIN) | 5692307 |
| 650 #0 - SUBJECT ADDED ENTRY--TOPICAL TERM | |
| Topical term or geographic name as entry element | Ability |
| Form subdivision | Juvenile fiction. |
| 9 (RLIN) | 5673890 |
| 650 #0 - SUBJECT ADDED ENTRY--TOPICAL TERM | |
| Topical term or geographic name as entry element | Fear of the dark |
| Form subdivision | Juvenile fiction. |
| 9 (RLIN) | 5689336 |
| 650 #0 - SUBJECT ADDED ENTRY--TOPICAL TERM | |
| Topical term or geographic name as entry element | Storytelling |
| Form subdivision | Juvenile fiction. |
| 9 (RLIN) | 5718031 |
| 655 #7 - INDEX TERM--GENRE/FORM | |
| Genre/form data or focus term | Animal fiction. |
| Source of term | lcgft. |
| 9 (RLIN) | 5748285 |
| 655 #7 - INDEX TERM--GENRE/FORM | |
| Genre/form data or focus term | Readers (Publications) |
| Source of term | lcgft. |
| 9 (RLIN) | 5726093 |
| 700 1# - ADDED ENTRY--PERSONAL NAME | |
| Personal name | Ransom, Candice |
| Relator term | writer. |
| 9 (RLIN) | 5911135 |
| 700 1# - ADDED ENTRY--PERSONAL NAME | |
| Personal name | Barrager, Brigette, |
| Relator term | illustrator. |
| 9 (RLIN) | 5810917 |
| 700 1# - ADDED ENTRY--PERSONAL NAME | |
| Personal name | Marlin, Lissy, |
| Relator term | illustrator. |
| 9 (RLIN) | 5925238 |
| 830 #0 - SERIES ADDED ENTRY--UNIFORM TITLE | |
| Uniform title | Uni the unicorn (Series) |
| 9 (RLIN) | 6427171 |
| 830 #0 - SERIES ADDED ENTRY--UNIFORM TITLE | |
| Uniform title | Step into reading. |
| Number of part/section of a work | Paso 2, |
| Name of part/section of a work | Leer con ayuda. |
| 9 (RLIN) | 6482115 |
| 942 ## - ADDED ENTRY ELEMENTS (KOHA) | |
| Source of classification or shelving scheme | Dewey Decimal Classification |
| Koha item type | BOOK |
| Withdrawn status | Lost status | Source of classification or shelving scheme | Damaged status | Not for loan | Collection code | Home library | Current library | Shelving location | Date acquired | Source of acquisition | Total Checkouts | Total Renewals | Full call number | Barcode | Date last seen | Date checked out | Cost, replacement price | Price effective from | Koha item type |
|---|---|---|---|---|---|---|---|---|---|---|---|---|---|---|---|---|---|---|---|
| Dewey Decimal Classification | Spanish Children Leveled | Wasatch County Library | Wasatch County Library | First Floor | 02/14/2024 | Penworthy | 2 | 1 | E Rosenthal | 34301002065938 | 10/22/2025 | 05/31/2024 | 16.96 | 02/14/2024 | BOOK |
